| 000 | 00561cam a22002053a 4500 | ||
|---|---|---|---|
| 001 | 44273 | ||
| 003 | PGUSA | ||
| 005 | 20140828084018.0 | ||
| 008 | 131124s2013||||xxu|||||s|||||000 | eng d | ||
| 040 |
_aPGUSA _beng |
||
| 042 | _adc | ||
| 100 | 1 | _aWoods, Caroline H. | |
| 245 | 1 | 0 |
_aWoman in Prison _h[electronic resource] / _cCaroline H. Woods |
| 260 |
_bProject Gutenberg, _c2013 |
||
| 506 | _aPublic domain in the USA. | ||
| 516 | _aElectronic text | ||
| 830 | 0 |
_aProject Gutenberg _v44273 |
|
| 856 | 4 | 0 | _uhttp://www.gutenberg.org/ebooks/44273 |
| 942 | _cEB | ||
| 999 |
_c273524 _d273524 |
||